000 00630nam a2200217 a 4500
005 20210219153216.0
008 991125n 000 0 spa u
035 _aUPN01000084241
100 _aBERDICHEVSKY, Patricia
222 _aEDUCACION EN LOS PRIMEROS AÑOS
245 _aLa apreciación de imágenes : su articulación con la producción plástica
260 _aBuenos Aires, Argentina
300 _a20-41
362 _a1999 Año 2, no. 12, may.
653 0 _aEDUCACION ARTISTICA
653 0 _aEDUCACION INICIAL
653 0 _aIMAGEN
653 0 _aJARDIN DE NIÑOS
904 _aAC
_b022052
905 _aArticulo
999 _c71107
_d71107